Cuentos / (Registro nro. 10154)

Detalles MARC
000 -LIDER
fixed length control field 00760nam a2200265 4500
001 - NÚMERO DE CONTROL
Identificador de número de control 002354
003 - IDENTIFICACDOR DE NÚMERO DE CONTROL
control field DO-SdBNP
005 - DATE AND TIME OF LATEST TRANSACTION
control field 20240611112305.0
007 - CAMPOS FIJOS DE DESCRIPCIÓN FÍSICA
fixed length control field 002354
008 - ELEMENTOS DE LONGITUD FIJA
fixed length control field 160517b1991 sp 00| 0 spa d
020 ## - ISBN
International Standard Book Number 8479690194
040 ## - FUENTE DE CATALOGACIÓN
Agencia que crea de manera original el registro BPMSU
Idioma de catalogación spa
Agencia que realiza la transcripción BPMSU
082 #4 - NÚMERO DE CLASIFICACIÓN DECIMAL DE DEWEY
Classification number 813.5
Item number L847c 1991
Edition number 22
100 1# - ASIENTO PRINCIPAL -- NOMBRE PERSONAL
Nombre personal London, Jack
Fechas asociadas con el nombre 1876-1916.
Títulos u otras palabras asociadas con el nombre
245 ## - MENCIÓN DE TITULO
Título Cuentos /
Mención de responsabilidad Jack London ; traductor Fernando Santos Fontela
260 ## - PUBLICACIÓN, DISTRIBUCIÓN, ETC. (PIE DE IMPRENTA)
Lugar de publicación, distribución, etc [Barcelona: ]
Nombre del editor, distribuidor, etc. Banco Bilbao Vizcaya,
Fecha de publicación, distribución, etc 1991
300 ## - DESCRIPCIÓN FÍSICA
Extensión 94 p. :
Dimensiones 21 cm.
490 0# - MENCIÓN DE SERIES
Mención de serie Biblioteca del sol
590 ## - NOTA LOCAL
Texto de la nota local Inventariado, 2025/VM
600 ## - ENCABEZAMIENTO DE MATERIA--NOMBRE PERSONAL
Fechas asociadas con el nombre
650 #4 - ENCABEZAMIENTO DE MATERIA--TEMÁTICO
Término temático o nombre geográfico como elemento de entrada Cuentos estadounidenses
Fuente del encabezamiento o término
700 ## - ASIENTO SECUNDARIO -- NOMBRE PERSONAL
Nombre personal Santos Fontela, Fernando
Mención de responsabilidad traductor
910 ## - VALIDACIÓN
Validación VMateo V. Control de calidad. BPMSU
942 ## - ADDED ENTRY ELEMENTS (KOHA)
Source of classification or shelving scheme Dewey Decimal Classification
Koha item type Libros
Existencias
Withdrawn status Lost status Source of classification or shelving scheme Damaged status Not for loan Collection code Home library Current library Date acquired Source of acquisition Total Checkouts Full call number Barcode Date last seen Price effective from Koha item type
    Dewey Decimal Classification     Colección General Biblioteca Pública Metropolitana Salomé Ureña Biblioteca Pública Metropolitana Salomé Ureña 05/17/2016 Pedro Altares   BPMSU CG 813.5 L847c 1991 BPMSU16050367 05/17/2016 05/17/2016 Libros